| 000 | 01505 a2200181 4500 | ||
|---|---|---|---|
| 003 | Nust | ||
| 005 | 20221118092011.0 | ||
| 040 | _cNust | ||
| 082 | _a515,CHO | ||
| 100 |
_aChover, Joshua _9103004 |
||
| 245 |
_aThe green book of calculus / _cJoshua Chover |
||
| 260 |
_aMenlo Park _bW. A. Benjamin _c1972 |
||
| 300 | _a741 | ||
| 505 | _aChapter 1:- Several examples (Page-1), Chapter 2:- Function (Page-7), Chapter 3:- A Particular kid of faction (Page-20), Chapter 4:- Some geometry and algebraic ideas (Page-43), Chapter 5:- Combining functions and graphs (Page-86), Chapter 6:- Inductions and several applications (Page-86), Chapter 7:- Intuitive derivatives (Page-126), Chapter 8:- Convergence to zero (Page-148), Chapter 9:- Limits and sequences (Page-176), Chapter 10:- Are there holes between real numbers (Page-200),Chapter 11:- Limits of functionary and derivative (Page-223). Chapter:- 12 Maxima of continuous functions (Page-258), Chapter 13:- More Features of continuity (Page-258), Chapter 14:- Properties of derivatives (Page-321), Chapter 15:- The man value theorem and applications (Page-366), Chapter 16:- Differential equations and trg functions (Page-418), Chapter 17:- Area (Page-464), Chapter 18:- The define integral (Page-503), Chapter 19:- Integration Techniques (Page-566), Chapter 20:- More Probability (Page-599), Chapter 21:- Function with two Inputs (Page-671). | ||
| 600 |
_aChover, Joshua _9103004 |
||
| 650 |
_aThe green book _9103005 |
||
| 942 |
_2ddc _cBK _k515,CHO |
||
| 999 |
_c180253 _d180253 |
||